| 000 | 00634nam a2200193 a 4500 | ||
|---|---|---|---|
| 005 | 20140412111232.0 | ||
| 008 | 010522s19uu xx 00 eng d | ||
| 020 | _a0-689-81540-9 | ||
| 050 |
_aTR(PS E _bJa31 1993 |
||
| 100 | _aButterworth, Nick | ||
| 245 |
_aJasper's beanstalk / _cNick Butterworth and Mick Inkpen. |
||
| 250 | _a1st American Ed. | ||
| 260 |
_a[s.l.] : _bAladdin Paperbacks, _c1993. |
||
| 300 | _a1v. (unp.); ill. | ||
| 520 | _aJaper hopes to grow a beanstalk, but becomes discouraged when the bean he plants doesn't grow after a week. | ||
| 650 | _aBeans-Fiction | ||
| 650 | _aCats-Fiction | ||
| 999 |
_c102205 _d102205 |
||